[Event "Titled Tuesday intern op 02nd Apr Early"]
[Site "Chess.com INT"]
[Date "2024.04.02"]
[Round "3"]
[White "Shimanov, Aleksandr"]
[Black "Suleymanli, Suleyman"]
[Result "1/2-1/2"]
[WhiteElo "2576"]
[BlackElo "2246"]
[PlyCount "185"]
[EventDate "2024.04.02"]
[EventType "swiss (blitz)"]
[EventRounds "11"]
[EventCountry "USA"]
[SourceTitle "CB15_2024"]
[SourceDate "2024.04.10"]
[SourceVersion "1"]
[SourceVersionDate "2024.04.10"]
[SourceQuality "1"]

1. e4 e6 2. h3 d5 3. exd5 exd5 4. d4 Nc6 5. Nf3 Bd6 6. Bd3 Nge7 7. 0-0 0-0 8. Nc3 Nb4 9. Bb5 c6 10. Be2 Bf5 11. Ne1 c5 12. dxc5 Bxc5 13. a3 Nbc6 14. Nd3 Bd6 15. Bf3 Bc7 16. Re1 Qd7 17. Nc5 Qd6 18. Nb5 Qh2+ 19. Kf1 Bb6 20. Be3 d4 21. Nxd4 Rad8 22. b4 Nxd4 23. Bxd4 Nc6 24. c3 Rfe8 25. Rxe8+ Rxe8 26. Be3 Ne5 27. Ke2 Rd8 28. Bd4 Nxf3 29. Kxf3 Re8 30. Be3 Bg6 31. Qd7 Qe5 32. Ke2 Bxc5 33. bxc5 h5 34. Rd1 Re6 35. Kf1 Qxc3 36. Kg1 Qc2 37. Qd8+ Kh7 38. Qd2 Qxd2 39. Rxd2 b6 40. cxb6 axb6 41. Rb2 Rc6 42. Bxb6 Rc4 43. Ba5 Be4 44. Bb4 Bc6 45. Kh2 h4 46. Rd2 Kg6 47. Be7 f6 48. Bb4 Kh6 49. Rd1 Kg6 50. Kg1 Rc2 51. f3 Rc4 52. Kf2 Rc2+ 53. Kg1 Rc4 54. Ra1 Bb5 55. Be1 Bc6 56. Bf2 Kh5 57. Rb1 Rc2 58. Rb4 g5 59. Rb6 Rc1+ 60. Kh2 Rc2 61. Kg1 Rc1+ 62. Kh2 Rc2 63. Bd4 Bxf3 64. Rxf6 Rxg2+ 65. Kh1 Rg3+ 66. Kh2 Be4 67. Re6 Bd5 68. Rd6 Ba8 69. Rd8 Be4 70. Rh8+ Kg6 71. Re8 Rg2+ 72. Kh1 Re2+ 73. Kg1 Kf5 74. Rf8+ Ke6 75. Rf2 Re1+ 76. Rf1 Re2 77. Rf2 Re1+ 78. Rf1 Rxf1+ 79. Kxf1 Bf5 80. Kg2 g4 81. hxg4 Bxg4 82. Kh2 h3 83. Bf2 Bf5 84. Bg3 Kd5 85. Bf2 Bc8 86. Bg3 Kc6 87. Bh4 Kb5 88. Bg3 Ka4 89. Bd6 Kb3 90. Bb4 Ka4 91. Bd6 Kb3 92. Bb4 Ka4 93. Bd6 1/2-1/2

[Event "Titled Tuesday intern op 13th Feb Early"]
[Site "Chess.com INT"]
[Date "2024.02.13"]
[Round "3"]
[White "Suleymanli, Suleyman"]
[Black "Bluebaum, Matthias"]
[Result "1/2-1/2"]
[WhiteElo "2226"]
[BlackElo "2658"]
[PlyCount "172"]
[EventDate "2024.02.13"]
[EventType "swiss (blitz)"]
[EventRounds "11"]
[EventCountry "USA"]
[SourceTitle "CB08_2024"]
[SourceDate "2024.02.21"]
[SourceVersion "1"]
[SourceVersionDate "2024.02.21"]
[SourceQuality "1"]

1. Nf3 d5 2. g3 e6 3. Bg2 Nf6 4. 0-0 Bd6 5. d4 0-0 6. c4 Nc6 7. Nc3 dxc4 8. Qa4 e5 9. dxe5 Nxe5 10. Nxe5 Bxe5 11. Qxc4 c6 12. Bg5 Be6 13. Qc5 Bd4 14. Qb4 Qb6 15. Qxb6 axb6 16. Rfd1 Be5 17. Be3 b5 18. Bd4 Nd7 19. a3 Bxd4 20. Rxd4 Ne5 21. Ne4 Rad8 22. Rad1 Rxd4 23. Rxd4 Nc4 24. Nc5 Bc8 25. a4 Nxb2 26. axb5 cxb5 27. Rb4 Na4 28. Rxb5 Nxc5 29. Rxc5 Rd8 30. h4 g6 31. Bf3 h5 32. Kg2 Kg7 33. Rb5 Rd7 34. Rb6 Rc7 35. e4 Rc6 36. Rb2 Rc5 37. Rb6 Rc6 38. Rb4 Re6 39. e5 b6 40. Bd1 Bb7+ 41. Bf3 Ba6 42. Bd5 Rxe5 43. Rxb6 Bf1+ 44. Kxf1 Rxd5 45. Kg2 Rd3 46. Rb4 Rd6 47. Rb7 Rf6 48. Rc7 Rf5 49. Rb7 Re5 50. Rc7 Re4 51. Rb7 Ra4 52. Rc7 Kf6 53. Rb7 Rc4 54. Ra7 Rc6 55. Rb7 Rd6 56. Rc7 Re6 57. Rb7 Re5 58. Ra7 Ke6 59. Kf3 f6 60. Ra4 Rb5 61. Re4+ Kf5 62. Rf4+ Ke6 63. Re4+ Kf7 64. Rc4 Rb3+ 65. Kf4 Rb6 66. Kf3 Rb7 67. Rc6 Ra7 68. Ke3 Kg7 69. Kf3 Ra3+ 70. Kg2 Ra7 71. Rb6 Re7 72. Kf3 g5 73. hxg5 fxg5 74. Kg2 Re5 75. f4 Rf5 76. fxg5 Rxg5 77. Kh3 Rg4 78. Ra6 Kh7 79. Rb6 Ra4 80. Rb5 Kh6 81. Rb6+ Kg7 82. Rb5 Kg6 83. Rb6+ Kg7 84. Rb5 Kh6 85. Rb6+ Kh7 86. Rb5 Kh6 1/2-1/2

[Event "Titled Tuesday intern op 06th Feb Early"]
[Site "Chess.com INT"]
[Date "2024.02.06"]
[Round "11"]
[White "Suleymanli, Suleyman"]
[Black "Materia, Marco"]
[Result "0-1"]
[WhiteElo "2226"]
[BlackElo "2434"]
[PlyCount "164"]
[EventDate "2024.02.06"]
[EventType "swiss (blitz)"]
[EventRounds "11"]
[EventCountry "USA"]
[SourceTitle "CB07_2024"]
[SourceDate "2024.02.14"]
[SourceVersion "1"]
[SourceVersionDate "2024.02.14"]
[SourceQuality "1"]

1. Nf3 d5 2. g3 Nf6 3. Bg2 e6 4. 0-0 Be7 5. d4 0-0 6. c4 Nbd7 7. cxd5 exd5 8. Nc3 c6 9. Bf4 Re8 10. Ne5 Bf8 11. Qd2 Nxe5 12. dxe5 Ng4 13. Qd4 Qe7 14. e4 dxe4 15. Nxe4 Nxe5 16. Rfe1 Bf5 17. Rad1 Ng6 18. Bd6 Qd8 19. Qc5 Bxe4 20. Bxf8 Qb6 21. Bxe4 Nxf8 22. Qc2 Rad8 23. Bd3 g6 24. Bc4 Qa5 25. Rxe8 Rxe8 26. Qb3 Re1+ 27. Kg2 Rxd1 28. Qxd1 Qe5 29. Qb3 Qe7 30. Qd3 Nd7 31. Qd4 Nb6 32. Bb3 c5 33. Qf4 Kg7 34. a4 Qf6 35. Qe4 Qxb2 36. Bxf7 Kxf7 37. Qxb7+ Kg8 38. a5 Qg7 39. Qe4 Nd7 40. Qa8+ Nf8 41. Qc6 Qe7 42. a6 Kg7 43. h4 h5 44. f3 Qe2+ 45. Kg1 Qe7 46. Qd5 Nh7 47. Qb7 Kf8 48. Qc8+ Kf7 49. Qc6 Nf6 50. Kg2 Kg7 51. Kf2 Qd7 52. Qxc5 Qd2+ 53. Kf1 Qd3+ 54. Kf2 Qxa6 55. Qe7+ Kh8 56. Qf8+ Ng8 57. Qf7 Qf6 58. Qa2 a6 59. Qd5 Kg7 60. Kg2 Ne7 61. Qb7 Qe6 62. Qa7 Kf7 63. Kf2 Qc4 64. Kg2 Qb5 65. g4 hxg4 66. fxg4 Qe2+ 67. Kg3 Qe5+ 68. Kg2 a5 69. Kh3 Qc3+ 70. Kg2 Qc2+ 71. Kg3 Qb3+ 72. Kg2 a4 73. h5 gxh5 74. gxh5 a3 75. h6 Qb2+ 76. Kg3 a2 77. h7 a1Q 78. Qc5 Qg7+ 79. Kf3 Qac3+ 80. Qxc3 Qxc3+ 81. Ke4 Qg7 82. h8Q Qxh8 0-1

[Event "Mersin op 7th"]
[Site "Mersin"]
[Date "2023.11.15"]
[Round "6"]
[White "Suleymanli, Suleyman"]
[Black "Pshmahov, Osman"]
[Result "1/2-1/2"]
[WhiteElo "2240"]
[BlackElo "2185"]
[PlyCount "52"]
[EventDate "2023.11.12"]
[EventType "swiss"]
[EventRounds "9"]
[EventCountry "TUR"]
[SourceTitle "CB47_2023"]
[SourceDate "2023.11.22"]
[SourceVersion "1"]
[SourceVersionDate "2023.11.22"]
[SourceQuality "1"]

1. Nf3 d5 2. g3 c5 3. Bg2 Nc6 4. d4 Nf6 5. 0-0 e6 6. c4 dxc4 7. Qa4 Bd7 8. dxc5 Bxc5 9. Qxc4 Be7 10. Nc3 0-0 11. Bf4 Qa5 12. Rfd1 e5 13. Bg5 Be6 14. Qb5 Qxb5 15. Nxb5 Bc4 16. Nc3 Rfd8 17. Nd2 Be6 18. Nb3 Kf8 19. Bxf6 gxf6 20. Nd5 Rac8 21. Nxe7 Rxd1+ 22. Rxd1 Nxe7 23. Bxb7 Rc2 24. Rd2 Bxb3 25. Rd8+ Kg7 26. axb3 Rxb2 1/2-1/2

[Event "Mersin op 7th"]
[Site "Mersin"]
[Date "2023.11.12"]
[Round "1"]
[White "Sahin, Sarp"]
[Black "Suleymanli, Suleyman"]
[Result "1/2-1/2"]
[WhiteElo "2024"]
[BlackElo "2240"]
[PlyCount "45"]
[EventDate "2023.11.12"]
[EventType "swiss"]
[EventRounds "9"]
[EventCountry "TUR"]
[SourceTitle "CB47_2023"]
[SourceDate "2023.11.22"]
[SourceVersion "1"]
[SourceVersionDate "2023.11.22"]
[SourceQuality "1"]

1. e4 e6 2. d4 d5 3. Nc3 Nf6 4. Bg5 Be7 5. e5 Nfd7 6. Bxe7 Qxe7 7. f4 a6 8. Nf3 c5 9. dxc5 Nc6 10. Bd3 Nxc5 11. 0-0 b5 12. Ne2 Qa7 13. Kh1 Bb7 14. c3 Ne4 15. Nfd4 Nxd4 16. Nxd4 0-0 17. Qg4 f5 18. Qh4 Rae8 19. a3 Qc5 20. Rf3 Rf7 21. Qe1 Qb6 22. Qe3 Qc5 23. Qe1 1/2-1/2

[Event "EU-ch U18 31st"]
[Site "Mamaia"]
[Date "2023.09.06"]
[Round "2"]
[White "Suleymanli, Suleyman"]
[Black "Babazada, Khazar Araz"]
[Result "0-1"]
[WhiteElo "2262"]
[BlackElo "2463"]
[PlyCount "128"]
[EventDate "2023.09.05"]
[EventType "swiss"]
[EventRounds "9"]
[EventCountry "ROU"]
[SourceTitle "EXT 2024"]
[Source "ChessBase"]
[SourceDate "2023.10.10"]
[SourceVersion "1"]
[SourceVersionDate "2023.10.10"]
[SourceQuality "1"]

1. Nf3 Nf6 2. g3 e6 3. Bg2 Be7 4. 0-0 d5 5. d4 0-0 6. c4 dxc4 7. Qc2 b5 8. a4 b4 9. Ne5 Qxd4 10. Bxa8 Qxe5 11. Bf3 Ba6 12. Bf4 Qa5 13. Nd2 b3 14. Nxc4 Qb4 15. Qc1 Qxc4 16. Qxc4 Bxc4 17. Rfc1 Bd5 18. Rxc7 Bxf3 19. exf3 Nd5 20. Rxa7 Nc6 21. Rb7 Bb4 22. Bc7 Ra8 23. Kg2 h6 24. Rc1 Nd4 25. Rc4 Nc2 26. a5 Kh7 27. Kg1 Bxa5 28. Rxb3 Bxc7 29. Rxc2 Ra1+ 30. Kg2 Be5 31. Re2 Bf6 32. Rb7 Kg6 33. h4 Bxh4 34. Re4 Be7 35. Rd4 Kf6 36. f4 Rc1 37. Rd2 g6 38. Kf3 h5 39. Rb8 Rc4 40. Re2 Bd6 41. Ra8 Rb4 42. Rd2 Bc5 43. Rc8 Bd4 44. Rcc2 Kf5 45. Re2 Kf6 46. Rcd2 Rb3+ 47. Ke4 Bxb2 48. Rxb2 Nc3+ 49. Kd4 Nxe2+ 50. Rxe2 Kf5 51. Rc2 Rf3 52. Rc7 f6 53. Rh7 Rxf2 54. Ke3 Ra2 55. Rg7 h4 56. g4+ Kxg4 57. Rxg6+ Kf5 58. Rh6 h3 59. Rh4 h2 60. Kf3 Ra3+ 61. Kg2 Ra4 62. Kg3 e5 63. Rxh2 Ra3+ 64. Kh4 Kxf4 0-1

[Event "Titled Tuesday intern op 18th Jul Early"]
[Site "Chess.com INT"]
[Date "2023.07.18"]
[Round "5"]
[White "Suleymanli, Suleyman"]
[Black "Livaic, Leon"]
[Result "0-1"]
[WhiteElo "2279"]
[BlackElo "2565"]
[PlyCount "92"]
[EventDate "2023.07.18"]
[EventType "swiss (blitz)"]
[EventRounds "11"]
[EventCountry "USA"]
[SourceTitle "EXT 2024"]
[Source "ChessBase"]
[SourceDate "2023.10.10"]
[SourceVersion "1"]
[SourceVersionDate "2023.10.10"]
[SourceQuality "1"]

1. Nf3 d5 2. g3 Nf6 3. Bg2 e6 4. 0-0 Be7 5. d4 0-0 6. c4 a5 7. cxd5 exd5 8. Nc3 c6 9. Bf4 Bf5 10. Ne5 Nbd7 11. Re1 Bb4 12. a3 Bxc3 13. bxc3 a4 14. f3 Nxe5 15. Bxe5 Nd7 16. Bf4 b5 17. e4 Be6 18. Qc2 Nb6 19. e5 Nc4 20. Bd2 Qd7 21. Bf1 Bf5 22. Bd3 Bxd3 23. Qxd3 Rae8 24. f4 f5 25. Re2 Qe6 26. Bc1 h6 27. Raa2 Kh8 28. h4 Qg6 29. Qf3 h5 30. Kf2 Qg4 31. Qxg4 hxg4 32. Ke1 Kg8 33. Kd1 Kf7 34. Kc2 Ke6 35. Kb1 Rc8 36. Rac2 Rc7 37. Be3 Nxa3+ 38. Ka2 Nxc2 39. Rxc2 Rb8 40. Rb2 a3 41. Kxa3 Ra8+ 42. Kb4 Kd7 43. Kc5 Rb7 44. e6+ Kc7 45. Bc1 b4 46. Rxb4 Ra5+ 0-1

[Event "Titled Tuesday intern op 18th Jul Early"]
[Site "Chess.com INT"]
[Date "2023.07.18"]
[Round "8"]
[White "Suleymanli, Suleyman"]
[Black "Ter Sahakyan, Samvel"]
[Result "0-1"]
[WhiteElo "2279"]
[BlackElo "2604"]
[PlyCount "146"]
[EventDate "2023.07.18"]
[EventType "swiss (blitz)"]
[EventRounds "11"]
[EventCountry "USA"]
[SourceTitle "EXT 2024"]
[Source "ChessBase"]
[SourceDate "2023.10.10"]
[SourceVersion "1"]
[SourceVersionDate "2023.10.10"]
[SourceQuality "1"]

1. Nf3 d5 2. g3 b6 3. Bg2 Bb7 4. 0-0 e6 5. d4 Nf6 6. c4 dxc4 7. Qa4+ Nbd7 8. Qxc4 Bd6 9. Nc3 0-0 10. Bf4 Rc8 11. Rfe1 a6 12. e4 Bxf4 13. gxf4 c5 14. e5 Nd5 15. Ng5 h6 16. Nh3 b5 17. Qd3 Nb4 18. Qd2 Bxg2 19. Kxg2 Qh4 20. Ne4 Nd5 21. Ng3 cxd4 22. Qxd4 Rc4 23. Qd2 N7b6 24. Re4 Rfc8 25. b3 Rxe4 26. Nxe4 Nc3 27. Ng3 Nbd5 28. Rc1 b4 29. Nf1 a5 30. Ng3 Ra8 31. f5 exf5 32. Nxf5 Qe4+ 33. f3 Qxf5 34. Rg1 Qxe5 35. Kh1 Qe3 36. Qg2 Qe5 37. Nf2 Nf4 38. Qg4 Rd8 39. h3 Nce2 40. Ne4 Nxg1 41. Kxg1 Ne6 42. h4 Rd1+ 43. Kg2 Qb2+ 44. Nf2 Rd2 45. Qg3 Rxf2+ 46. Qxf2 Qxf2+ 47. Kxf2 g5 48. hxg5 Nxg5 49. Ke3 Kg7 50. Kd4 h5 51. Kc5 h4 52. Kb5 h3 53. Kxa5 h2 54. Kxb4 h1Q 55. f4 Qe4+ 56. Ka5 Qxf4 57. b4 Ne6 58. a4 Qc7+ 59. Kb5 Nd4+ 60. Ka6 Qc4+ 61. b5 Qxa4+ 62. Kb6 Qxb5+ 63. Kc7 Qd5 64. Kb6 f5 65. Ka7 f4 66. Kb6 f3 67. Kc7 f2 68. Kb6 f1Q 69. Ka7 Qa1+ 70. Kb6 Qb2+ 71. Kc7 Qc3+ 72. Kb6 Qdb3+ 73. Ka7 Qa1# 0-1

[Event "Titled Tuesday intern op 18th Jul Early"]
[Site "Chess.com INT"]
[Date "2023.07.18"]
[Round "2"]
[White "Suleymanli, Suleyman"]
[Black "Zhong, Kevin"]
[Result "1-0"]
[WhiteElo "2279"]
[BlackElo "2143"]
[PlyCount "157"]
[EventDate "2023.07.18"]
[EventType "swiss (blitz)"]
[EventRounds "11"]
[EventCountry "USA"]
[SourceTitle "EXT 2024"]
[Source "ChessBase"]
[SourceDate "2023.10.10"]
[SourceVersion "1"]
[SourceVersionDate "2023.10.10"]
[SourceQuality "1"]

1. Nf3 g6 2. g3 Bg7 3. d4 d5 4. Bg2 Nf6 5. 0-0 0-0 6. c4 c6 7. cxd5 cxd5 8. Nc3 Nc6 9. Ne5 e6 10. Bf4 Nxe5 11. Bxe5 Nd7 12. Bxg7 Kxg7 13. e4 dxe4 14. Nxe4 Nf6 15. Nc5 Nd5 16. Qb3 b6 17. Nd3 Bb7 18. h4 Qe7 19. h5 Rfd8 20. Ne5 Nf6 21. hxg6 hxg6 22. Qe3 Bxg2 23. Kxg2 Qb7+ 24. f3 Rac8 25. Rac1 Rxc1 26. Rxc1 Rc8 27. Rh1 Rh8 28. Rxh8 Kxh8 29. Qh6+ Kg8 30. Qg5 Kg7 31. b3 Qd5 32. Qe3 Nd7 33. Ng4 g5 34. Ne5 Nxe5 35. dxe5 Kg6 36. g4 f6 37. exf6 Kxf6 38. a4 Qe5 39. Qd3 a5 40. Qd8+ Kg6 41. Qxb6 Qb2+ 42. Kg3 Qe5+ 43. Kh3 Qe2 44. Kg3 Qe5+ 45. Kf2 Qb2+ 46. Ke3 Qc3+ 47. Ke4 Qc2+ 48. Ke5 Qe2+ 49. Kd6 Qxf3 50. Kxe6 Qxg4+ 51. Ke7+ Kh5 52. Qxa5 Qe4+ 53. Kd6 Qd3+ 54. Kc7 Qxb3 55. Qb5 Qf7+ 56. Kb6 Qf2+ 57. Ka6 Qf6+ 58. Kb7 Qe7+ 59. Kc6 Qe8+ 60. Kd6 Qg6+ 61. Kc5 Qf5+ 62. Kb4 Qf4+ 63. Ka5 Qc7+ 64. Ka6 Qd6+ 65. Kb7 Qe7+ 66. Kc8 Qf8+ 67. Kd7 Qf7+ 68. Kd6 Qf6+ 69. Kd5 Qf5+ 70. Kd4 Qf4+ 71. Kd3 Qf1+ 72. Ke4 Qe1+ 73. Kf3 Qd1+ 74. Kf2 Qd2+ 75. Qe2+ Qxe2+ 76. Kxe2 g4 77. Kf2 Kg5 78. a5 Kf5 79. a6 1-0

[Event "Baku op"]
[Site "Baku"]
[Date "2023.05.07"]
[Round "4"]
[White "Suleymanli, Suleyman"]
[Black "Bharath, Subramaniyam H"]
[Result "0-1"]
[WhiteElo "2258"]
[BlackElo "2517"]
[PlyCount "98"]
[EventDate "2023.05.04"]
[EventType "swiss"]
[EventRounds "9"]
[EventCountry "AZE"]
[SourceTitle "CBM 214 Extra"]
[Source "ChessBase"]
[SourceDate "2023.07.31"]
[SourceVersion "1"]
[SourceVersionDate "2023.07.31"]
[SourceQuality "1"]

1. Nf3 d5 2. g3 Nc6 3. d4 Bf5 4. Bg2 Nb4 5. Na3 e6 6. 0-0 Nf6 7. Bf4 Bd6 8. Ne5 0-0 9. c3 Nc6 10. Nb5 Nh5 11. e3 Nxf4 12. exf4 a6 13. Nxd6 cxd6 14. Nf3 Be4 15. Nh4 Bxg2 16. Nxg2 g6 17. Re1 b5 18. Ne3 Na5 19. b3 Rb8 20. Qd3 Nc6 21. h4 h5 22. a4 Qb6 23. f5 gxf5 24. Qe2 b4 25. Qxh5 Qd8 26. g4 f4 27. Nf5 Qf6 28. Nh6+ Kg7 29. g5 Qg6 30. Qg4 Kh8 31. Qxf4 bxc3 32. Ng4 Qf5 33. Qg3 Nxd4 34. Kg2 Nxb3 35. Nh6 Qg6 36. Qxd6 Nxa1 37. Rxa1 Rbc8 38. Ng4 Qe4+ 39. f3 Qd4 40. h5 c2 41. Rf1 Qd2+ 42. Kg3 Qxg5 43. f4 Qg7 44. h6 Qc3+ 45. Kh4 c1Q 46. Rxc1 Qxc1 47. Qe5+ f6 48. Nxf6 Qxf4+ 49. Qxf4 Rc4 0-1

[Event "World School-ch U17"]
[Site "Rhodes"]
[Date "2023.04.20"]
[Round "7"]
[White "Gokcek, Kursat Bugra"]
[Black "Suleymanli, Suleyman"]
[Result "0-1"]
[WhiteElo "2140"]
[BlackElo "2258"]
[PlyCount "84"]
[EventDate "2023.04.14"]
[EventType "swiss"]
[EventRounds "9"]
[EventCountry "GRE"]
[SourceTitle "EXT 2024"]
[Source "ChessBase"]
[SourceDate "2023.10.10"]
[SourceVersion "1"]
[SourceVersionDate "2023.10.10"]
[SourceQuality "1"]

1. e4 e6 2. d4 d5 3. exd5 exd5 4. Nf3 Nc6 5. Bd3 Bg4 6. 0-0 Bd6 7. Nc3 Nge7 8. Nb5 Qd7 9. c3 f6 10. b4 0-0 11. a4 Nd8 12. Nxd6 Qxd6 13. h3 Bf5 14. Ne1 Ne6 15. Ra2 Rfe8 16. Re2 Qd7 17. g4 Bxd3 18. Nxd3 b6 19. Rfe1 Nd8 20. Re3 Nf7 21. Qe2 Kf8 22. Nf4 Ng5 23. h4 Nf7 24. f3 Ng6 25. Ne6+ Kg8 26. h5 Nf8 27. Nxf8 Kxf8 28. b5 Rxe3 29. Qxe3 Nd6 30. Qf4 Re8 31. Rxe8+ Qxe8 32. Qe3 Qxe3+ 33. Bxe3 Nc4 34. Bc1 Ke7 35. Kf2 Kd7 36. Ke2 c6 37. bxc6+ Kxc6 38. Kd3 b5 39. axb5+ Kxb5 40. f4 g6 41. hxg6 hxg6 42. Kc2 Ka4 0-1

[Event "World School-ch U17"]
[Site "Rhodes"]
[Date "2023.04.15"]
[Round "2"]
[White "Suleymanli, Suleyman"]
[Black "Madajczak, Piotr"]
[Result "1/2-1/2"]
[WhiteElo "2258"]
[BlackElo "1993"]
[PlyCount "94"]
[EventDate "2023.04.14"]
[EventType "swiss"]
[EventRounds "9"]
[EventCountry "GRE"]
[SourceTitle "EXT 2024"]
[Source "ChessBase"]
[SourceDate "2023.10.10"]
[SourceVersion "1"]
[SourceVersionDate "2023.10.10"]
[SourceQuality "1"]

1. Nf3 d5 2. g3 c6 3. Bg2 Bg4 4. 0-0 Nd7 5. h3 Bh5 6. d4 e6 7. c4 Bd6 8. Qb3 Qb6 9. Nc3 Ngf6 10. c5 Qxb3 11. axb3 Bc7 12. b4 Ne4 13. Nxe4 dxe4 14. Ng5 Nf6 15. b5 Kd7 16. Nxe4 Nxe4 17. Bxe4 Bxe2 18. bxc6+ bxc6 19. Re1 Bc4 20. Bd2 a5 21. Bc2 Rhb8 22. Bc3 g6 23. Ra3 Ra6 24. Rea1 Rba8 25. Kg2 Kc8 26. b3 Bd5+ 27. Kf1 Kb7 28. Ke2 h5 29. h4 Bd8 30. f4 R6a7 31. Ke3 Bc7 32. Ra4 Kb8 33. R4a3 Kb7 34. Bd3 Kb8 35. Kd2 Bd8 36. Bc2 Kb7 37. Ra4 Kb8 38. R1a3 Bc7 39. Bd3 Bd8 40. Kc2 Bc7 41. Bd2 Bd8 42. Bc3 Bc7 43. Kd2 Bd8 44. Ke3 Bc7 45. Kd2 Bd8 46. Kc2 Bc7 47. Kd2 Bd8 1/2-1/2

[Event "Titled Tuesday intern op 03rd Jan Early"]
[Site "Chess.com INT"]
[Date "2023.01.03"]
[Round "8"]
[White "Suleymanli, Suleyman"]
[Black "Mendes, Aaron Reeve"]
[Result "1-0"]
[WhiteElo "2258"]
[BlackElo "1989"]
[PlyCount "99"]
[EventDate "2023.01.03"]
[EventType "swiss (blitz)"]
[EventRounds "11"]
[EventCountry "USA"]
[SourceTitle "EXT 2024"]
[Source "ChessBase"]
[SourceDate "2023.10.10"]
[SourceVersion "1"]
[SourceVersionDate "2023.10.10"]
[SourceQuality "1"]

1. Nf3 d5 2. g3 Nf6 3. Bg2 e6 4. 0-0 c5 5. d4 Nc6 6. c4 Be7 7. Nc3 dxc4 8. Qa4 0-0 9. dxc5 Bxc5 10. Qxc4 Bb6 11. Bf4 Bd7 12. Ne5 Rc8 13. Nxd7 Qxd7 14. Rfd1 Nd4 15. Qd3 Qe7 16. e3 Nf5 17. e4 Rfd8 18. Qf1 Nd4 19. e5 Ne8 20. Ne4 h6 21. Nd6 Rc2 22. Kh1 Rxb2 23. Nxb7 Rb8 24. Nd6 Nf5 25. Nxf5 exf5 26. Rd2 Rxd2 27. Bxd2 Rd8 28. Bc3 Bd4 29. Bxd4 Rxd4 30. Qb5 Nc7 31. Qb8+ Kh7 32. Re1 Ne6 33. Kg1 Qd7 34. Qb1 g6 35. h4 Rd2 36. h5 Qd4 37. hxg6+ fxg6 38. Qb7+ Kg8 39. Rf1 Qxe5 40. Qxa7 f4 41. Bh3 Ng5 42. Qa8+ Kg7 43. Bg2 Qd4 44. Qb7+ Nf7 45. g4 Kf6 46. Bf3 Ne5 47. Kg2 Nd3 48. Qc6+ Kg5 49. Qb5+ Kh4 50. Rh1# 1-0

[Event "Titled Tuesday intern op 03rd Jan Early"]
[Site "Chess.com INT"]
[Date "2023.01.03"]
[Round "5"]
[White "Suleymanli, Suleyman"]
[Black "Vokhidov, Shamsiddin"]
[Result "0-1"]
[WhiteElo "2258"]
[BlackElo "2589"]
[PlyCount "68"]
[EventDate "2023.01.03"]
[EventType "swiss (blitz)"]
[EventRounds "11"]
[EventCountry "USA"]
[SourceTitle "EXT 2024"]
[Source "ChessBase"]
[SourceDate "2023.10.10"]
[SourceVersion "1"]
[SourceVersionDate "2023.10.10"]
[SourceQuality "1"]

1. Nf3 d5 2. g3 Nc6 3. d4 Bf5 4. Bg2 Nb4 5. Na3 e6 6. 0-0 Nf6 7. c4 c6 8. Nh4 Bg4 9. c5 Be7 10. Bd2 a5 11. Nc2 Bxe2 12. Qxe2 Nxc2 13. Rad1 Nxd4 14. Qd3 Bxc5 15. Bf4 Nb5 16. Nf3 0-0 17. b3 Ne4 18. Ne5 Nbd6 19. Qc2 Ba7 20. Nc4 f6 21. Nxd6 Nxd6 22. Rfe1 e5 23. Bc1 Qe7 24. Ba3 Rfd8 25. Bxd5+ cxd5 26. Rxd5 Qe6 27. Red1 Nf7 28. Rxd8+ Rxd8 29. Rxd8+ Nxd8 30. Qc7 Qb6 31. Qc4+ Kh8 32. Qe2 Ne6 33. Kg2 Qc6+ 34. Kg1 Nd4 0-1